000 00426nam a2200169Ia 4500
003 GCL
008 140319s9999 xx 000 0 eng d
040 _aGCL /
_cGCL
082 0 4 _a920.71
_bM S
100 1 _aMIZENER, ARLHUR
245 1 0 _aSCOTT FITZGERALD /
_cMIZENER, ARLHUR
260 _a[S.N] :
_bTHAMES AND HUDSON ،
_c1987
300 _a127 P
650 0 4 _aSCOTT FITZGERALD
650 0 4 _aBIOGRAPHIES
942 _2ddc
_cBK
999 _c11679
_d11679